| 000 | 00329nam a22001337a 4500 | ||
|---|---|---|---|
| 008 | 181019b xxu||||| |||| 00| 0 eng d | ||
| 020 | _a9780205142125 | ||
| 041 | _aeng | ||
| 080 |
_23 ED _a311 |
||
| 100 | _a55 | ||
| 101 | _aSTA | ||
| 245 |
_aStatistical Methods In Education And Psychology _cGlass.G.V |
||
| 942 |
_2udc _cBK |
||
| 999 |
_c50213 _d50213 |
||